| 000 | 00459nam a2200181Ia 4500 | ||
|---|---|---|---|
| 001 | 1372 | ||
| 005 | 20260306143723.0 | ||
| 008 | 260306t2019||||xx |||||||||||||| ||spa|| | ||
| 041 | _aESP | ||
| 082 |
_a196.1 _bP23 V. 1 |
||
| 100 |
_aPanikkar, Raimon _eAUT |
||
| 245 | 0 |
_aFilosofía y teología: _bel ritmo del ser. Las Gifford lectures |
|
| 260 | _c2019 | ||
| 300 |
_a738 páginas : _c25 cm. |
||
| 650 | _aGEN | ||
| 654 | _aCHU | ||
| 942 |
_cLIB _dJUS _fJUS _2ddc _n |
||
| 999 |
_c1372 _d1372 |
||